An outline of Japanese economic history, 1603-1940 : major works and research findings

Enregistré dans:
Détails bibliographiques
Auteur principal: Mikio Sumiya
Format: Livre
Langue:Undetermined
Publié: Tokyo University of Tokyo Press 1979
Sujets:
Tags: Ajouter un tag
Pas de tags, Soyez le premier à ajouter un tag!
Thư viện lưu trữ: Trung tâm Học liệu Trường Đại học Cần Thơ
LEADER 00561nam a2200193Ia 4500
001 CTU_84949
008 210402s9999 xx 000 0 und d
082 |a 330.952 
082 |b S955 
100 |a Mikio Sumiya 
245 3 |a An outline of Japanese economic history, 1603-1940 : 
245 0 |b major works and research findings 
245 0 |c Mikio Sumiya, Koji Taira 
260 |a Tokyo 
260 |b University of Tokyo Press 
260 |c 1979 
650 |a economic conditions 
650 |z Japan 
980 |a Trung tâm Học liệu Trường Đại học Cần Thơ